Statistiques concernant QA #18 - Équivalents français de mots québécois - Version Noël

Cliquez ici pour prendre le quiz!

Statistiques générales

  • Ce quiz a été pris 147 fois
  • Le résultat moyen est 5 sur 10

Statistiques - réponses

QuébecEurope% Correct
PartyFête
87%
CaribouRenne
78%
FretteFroid (intense)
61%
Etre bourréAvoir trop mangé
57%
PoudrerieNeige (soulevée par le vent)
50%
ToutouOurs en peluche
41%
FloEnfant
29%
CarcajouGlouton
27%
TurlutteChanson
22%
BabicheRaquette (à neige)
6%

Distribution des résultats

Percentile par nombre de réponses

% des personnes avec chaque résultat

Votre développement - résultats

Vous n’avez pas pris ce quiz